Historia del pueblo chileno
Guardat en:
| Autor principal: | |
|---|---|
| Format: | Llibre |
| Idioma: | espanyol |
| Publicat: |
Santiago
Zig-Zag
1983
|
| Edició: | 2a. ed |
| Matèries: | |
| Etiquetes: |
Afegir etiqueta
Sense etiquetes, Sigues el primer a etiquetar aquest registre!
|
MARC
| LEADER | 00000nam a2200000 a 4500 | ||
|---|---|---|---|
| 001 | UCX4067 | ||
| 003 | CL-VaPUC | ||
| 008 | 920313e19830000CL |||||||||||||||||spa|d | ||
| 082 | 0 | 4 | |a 983 |b VIL |2 21 |
| 100 | 0 | |a Villalobos Rivera, Sergio |e author |9 320220 | |
| 245 | 1 | 0 | |a Historia del pueblo chileno |
| 250 | |a 2a. ed | ||
| 300 | |a v | ||
| 942 | |c BK | ||
| 945 | |d 19920313 00:00:00 |a oaravena | ||
| 260 | |a Santiago |b Zig-Zag |c 1983 | ||
| 650 | 0 | |a Historia |9 255047 | |
| 651 | 7 | |a CHILE |2 CL-VaPUC |9 320221 | |
| 583 | |a last modification |c 19920313 00:00:00 |k Rodrigo Vera | ||
| 999 | |c 224646 |d 224644 | ||
| 952 | |0 0 |1 0 |4 0 |6 983_000000000000000_VIL_1983 |7 0 |8 A |9 221440 |a BIBHIS |b BIBHIS |d 2019-11-15 |h v.1 |i 2902303 |o 983 VIL 1983 |p 2902303 |r 2025-01-20 |w 2019-11-15 |y BK |k HIS | ||
| 952 | |0 0 |1 0 |4 0 |6 983_000000000000000_VIL_1983 |7 0 |8 A |9 221441 |a BIBHIS |b BIBHIS |d 2019-11-15 |h v.1 |i 3004546 |o 983 VIL 1983 |p 3004546 |r 2025-01-20 |w 2019-11-15 |y BK |k HIS | ||
| 952 | |0 0 |1 0 |4 0 |6 983_000000000000000_VIL_1983 |7 0 |8 P |9 221442 |a BIBDER |b BIBDER |d 2019-11-15 |h v.1 |i 1864696 |o 983 VIL 1983 |p 1864696 |r 2023-01-25 |w 2019-11-15 |y BK |k DER | ||
| 952 | |0 0 |1 0 |4 0 |6 983_000000000000000_VIL_1983 |7 0 |8 A |9 221443 |a BIBHIS |b BIBHIS |d 2019-11-15 |h v.1 |i 2757648 |o 983 VIL 1983 |p 2757648 |r 2025-01-20 |w 2019-11-15 |y BK |k HIS | ||
| 952 | |0 0 |1 0 |4 0 |6 983_000000000000000_VIL_1983 |7 0 |8 A |9 221444 |a BIBHIS |b BIBHIS |d 2019-11-15 |h v.1 |i 2757672 |o 983 VIL 1983 |p 2757672 |r 2025-01-20 |w 2019-11-15 |y BK |k HIS | ||
| 952 | |0 0 |1 0 |4 0 |6 983_000000000000000_VIL_1983 |7 0 |8 A |9 221445 |a BIBHIS |b BIBHIS |d 2019-11-15 |h v.1 |i 125717K |o 983 VIL 1983 |p 125717K |r 2025-01-20 |w 2019-11-15 |y BK |k HIS | ||
| 952 | |0 0 |1 0 |4 0 |6 983_000000000000000_VIL_1983 |7 0 |8 A |9 221446 |a BIBHIS |b BIBHIS |d 2019-11-15 |h v.1 |i 385499K |o 983 VIL 1983 |p 385499K |r 2025-01-20 |w 2019-11-15 |y BK |k HIS | ||
| 952 | |0 0 |1 0 |4 0 |6 983_000000000000000_VIL_1983 |7 0 |8 A |9 221447 |a BIBHIS |b BIBHIS |d 2019-11-15 |h v.2 |i 3855007 |l 3 |o 983 VIL 1983 |p 3855007 |r 2025-01-20 |s 2023-06-20 |w 2019-11-15 |y BK |k HIS | ||